| Tag |
First Indicator |
Second Indicator |
Subfields |
| LEADER |
00000pam a2200000 a 4500 |
| 001 |
in00000495321 |
| 005 |
20151013064153.0 |
| 008 |
830510s1983 mau 00010 eng |
| 010 |
|
|
|a 83010671
|
| 020 |
|
|
|a 0395344034 :
|c $12.95
|
| 020 |
|
|
|a 039534932X (pbk.) :
|c $6.95
|
| 035 |
|
|
|a (OCoLC)09575225
|
| 035 |
|
|
|9 ACD6293AM
|
| 039 |
0 |
|
|a 2
|b 3
|c 3
|d 3
|e 3
|
| 040 |
|
|
|a DLC
|c DLC
|d TXA
|d UtOrBLW
|
| 049 |
|
|
|a TXAM
|
| 050 |
0 |
0 |
|a PS3558.A4575
|b R44 1983
|
| 082 |
0 |
|
|a 811/.54
|2 19
|
| 100 |
1 |
|
|a Hampl, Patricia,
|d 1946-
|
| 245 |
1 |
0 |
|a Resort and other poems /
|c Patricia Hampl.
|
| 264 |
|
1 |
|a Boston :
|b Houghton Mifflin,
|c 1983.
|
| 300 |
|
|
|a 79 pages ;
|c 22 cm.
|
| 336 |
|
|
|a text
|b txt
|2 rdacontent
|
| 337 |
|
|
|a unmediated
|b n
|2 rdamedia
|
| 338 |
|
|
|a volume
|b nc
|2 rdacarrier
|
| 500 |
|
|
|a Both Cushing Library Lit./Mitchell copy are inscribed by the author.
|
| 500 |
|
|
|a One of the Cushing Library/Lit./Mitchell copy contains a book review.
|
| 999 |
|
|
|a MARS
|
| 999 |
f |
f |
|s 3a445a32-132f-3de3-b3f8-47847a8f0a1d
|i 839e8a16-3caa-3aec-bf3b-ffc36336e82e
|t 0
|
| 952 |
f |
f |
|p normal
|a Texas A&M University
|b College Station
|c Sterling C. Evans Library
|s Evans stk
|d Evans: Library Stacks
|t 0
|e PS3558.A4575 R44 1983
|h Library of Congress classification
|i unmediated -- volume
|m A14807666503
|
| 998 |
f |
f |
|a PS3558.A4575 R44 1983
|t 0
|l Evans: Library Stacks
|